Statistics for Which Country Has A Greater Population? Multiple Choice

Click here to take the quiz!

General Stats

  • This quiz has been taken 32 times
  • The average score is 3 of 10

Answer Stats

QuestionAnswer% Correct
Which Country Has A Greater Population?China
96%
Which Country Has A Greater Population?UK
43%
Which Country Has A Greater Population?Singapore
43%
Which Country Has A Greater Population?Pakistan
39%
Which Country Has A Greater Population?Vietnam
26%
Which Country Has A Greater Population?Poland
26%
Which Country Has A Greater Population?Fiji
22%
Which Country Has A Greater Population?Myanmar
17%
Which Country Has A Greater Population?Mexico
13%
Which Country Has A Greater Population?Burkina Faso
4%

Score Distribution

Percentile by Number Answered

Percent of People with Each Score

Your Score History

You have not taken this quiz